Metallica Singles Quiz - Statistics

General Stats
  • This quiz has been taken 133 times
  • The average score is 22 of 49
Answer Stats
Year Song % Correct
1986 Master of Puppets
83%
1989 One
80%
1991 Enter Sandman
78%
1984 For Whom the Bell Tolls
77%
1983 Whiplash
74%
1984 Fade to Black
73%
1984 Creeping Death
70%
1992 Nothing Else Matters
69%
1993 Sad but True
69%
1991 The Unforgiven
66%
2003 St. Anger
63%
1998 Fuel
62%
1989 ...And Justice for All
59%
1998 The Unforgiven II
56%
1992 Wherever I May Roam
56%
1997 King Nothing
55%
1988 Harvester of Sorrow
54%
2016 Hardwired
53%
1996 Until It Sleeps
52%
1997 The Memory Remains
51%
2003 Frantic
48%
2008 The Day That Never Comes
46%
1988 Eye of the Beholder
45%
1984 Jump in the Fire
45%
2016 Atlas, Rise!
40%
2004 Some Kind of Monster
40%
2016 Moth into Flame
39%
1999 Whiskey in the Jar
39%
2008 All Nightmare Long
38%
1991 Don't Tread on Me
38%
1996 Mama Said
38%
1996 Hero of the Day
35%
1996 Ain't My Bitch
33%
2000 I Disappear
33%
1998 Turn the Page
33%
2008 Cyanide
30%
1997 Bleeding Me
28%
2008 My Apocalypse
28%
2009 Broken, Beat & Scarred
27%
2004 The Unnamed Feeling
27%
2008 The Judas Kiss
25%
2014 Lords of Summer
23%
2009 The End of the Line
18%
2017 Now That We're Dead
17%
1999 Die, Die My Darling
15%
1998 Better than You
14%
1990 Stone Cold Crazy
13%
2011 The View
11%
2007 The Ecstasy of Gold
5%
No matching quizzes found
Score Distribution
Percent of People with Each Score
Percentile by Number Answered
Your Score History
You have not taken this quiz